| 000 | 01034nam a22002297a 4500 | ||
|---|---|---|---|
| 005 | 20141201152913.0 | ||
| 010 | _aENG-111221 | ||
| 020 |
_a9780199450664 _c1350.00 |
||
| 020 |
_a0199450668 _c1350.00 |
||
| 035 | _aEN-94753 | ||
| 037 | _bDBAD/PUB | ||
| 082 | _a954.024 | ||
| 245 |
_aAfter Timur left : _cedited by Francesca Orsini [and] Samira Sheikh _bculture and circulation in fifteenth-century North India / |
||
| 260 |
_aNew Delhi _bOxford University Press _c2014 |
||
| 270 |
_aYMCA Library building, 1 Jai Singh Road _bNew Delhi _e110001 |
||
| 300 |
_axii, 500p.,8 unnumbered pages of plates : _c23cm(Hb) _bill.(b& w, and col.) |
||
| 500 | _a Includes bibliographical references (pages 437-469) and index. | ||
| 520 | _a Papers presented at the Conference ’After Timur Came: Multiple Spaces of Cultural Production and Circulation in Fifteenth-Century North India’ held at London during 29-31 May, 2007. | ||
| 700 | _aOrsini, Francesca | ||
| 700 | _aSheikh, Samira | ||
| 942 |
_2ddc _cEN _mAFT _h954.024 |
||
| 999 |
_c90026 _d90026 |
||